Famous Books: Before & After Quiz Stats

Quiz Updated Aug 22, 2015

Challenge
Share
Tweet
Embed
Score 0/21 Timer 06:00
13 Plays Today
% Correct
Pride and Prejudice
96.4%
Adventures of Huckleberry Finn
94.8%
A Tale of Two Cities
94.6%
Animal Farm
94.1%
The Da Vinci Code
94%
The Cat in the Hat
92.8%
The Shining
92.4%
The Great Gatsby
91.6%
Fantastic Mr. Fox
89.8%
A Game of Thrones
89.5%
The Old Man and The Sea
87%
% Correct
The Firm
82.9%
Slaughterhouse-Five
82.5%
Crime and Punishment
81.1%
Lolita
75.1%
War and Peace
71.9%
One Hundred Years of Solitude
70.8%
The Alchemist
63.3%
To the Lighthouse
63%
All the Pretty Horses
60.3%
As I Lay Dying
60.1%

You're not logged in!

Compare scores with friends on all Sporcle quizzes.
Sign Up with Email
OR
Log In

You Might Also Like...

Show Comments

Extras

Top Quizzes Today


Score Distribution

Your Account Isn't Verified!

In order to create a playlist on Sporcle, you need to verify the email address you used during registration. Go to your Sporcle Settings to finish the process.